| 000 | 01301cam a22003254a 4500 | ||
|---|---|---|---|
| 999 |
_c1350 _d1350 |
||
| 001 | 17323729 | ||
| 003 | OSt | ||
| 005 | 20221228151419.0 | ||
| 008 | 120529s2012 nyua j 001 0 eng c | ||
| 010 | _a 2012022052 | ||
| 020 | _a9780778775225 (pbk.) | ||
| 040 |
_aIEN/DLC _cIEN _dDLC |
||
| 042 | _apcc | ||
| 043 | _af-ua--- | ||
| 082 | 0 | 0 |
_a394.26962 PEP _223 |
| 100 | 1 |
_aPeppas, Lynn. _eAuthor |
|
| 245 | 1 | 0 |
_aCultural traditions in Egypt / _cLynn Peppas. |
| 260 |
_aNew York : _bCrabtree Pub. Company, _c2013. |
||
| 300 |
_a32 p. : _bcol. ill. ; _c29 cm. |
||
| 490 | 1 | _aCultural traditions in my world | |
| 500 | _aIncludes index. | ||
| 505 | 0 | _aWelcome to Egypt -- Family occasions -- New Year's Day(s) -- Coptic Christmas -- Eid al-Adha -- Mouloud -- Sham el Nassem -- Sinai Liberation Day -- Labor Day -- Eid al-Fitr -- Eid el-Galaa -- Armed Forces Day -- Abu Simbel Sun festival -- Revolution Day -- Glossary and index. | |
| 650 | 0 |
_aFestivals _zEgypt _vJuvenile literature. |
|
| 650 | 0 |
_aHolidays _zEgypt _vJuvenile literature. |
|
| 651 | 0 |
_aEgypt _xSocial life and customs _vJuvenile literature. |
|
| 830 | 0 | _aCultural traditions in my world. | |
| 906 |
_a7 _bcbc _corignew _d1 _eecip _f20 _gy-gencatlg |
||
| 942 |
_2ddc _cNFIC |
||